| 000 | 00864nas a2200289 4500 | ||
|---|---|---|---|
| 001 | BR9213859 | ||
| 003 | BR-BrBNA | ||
| 005 | 20231205095134.0 | ||
| 007 | ta | ||
| 008 | 230509b bl.|||p| |||| 00| 00por d | ||
| 040 |
_aBR-BrBNA _bpor _cBiblioteca Nacional de Agricultura |
||
| 041 | _a(Pt) | ||
| 072 | _aL53 | ||
| 100 | 1 | _aOliveira, F.R.A.P. de | |
| 100 | 1 | _aTonhati, H. | |
| 100 | 1 | _aToledo, L.R.A. de | |
| 100 | 1 | _aAugusto, C.S.G. de F. | |
| 100 | 1 | _aBombarda, A. de F. | |
| 245 | 1 | _aComportamento reprodutivo de potras das racas mangalarga e bretao | |
| 650 | _aCavalo | ||
| 650 | _aRaca | ||
| 650 | _aReproducao Animal | ||
| 650 | _aComportamento Animal | ||
| 773 | 0 |
_tBoletim de Industria Animal (Brazil) _xISSN 0067-9615 _g(Jan-Jun 1988), v. 45(1) p. 141-155 _wBR9213859 |
|
| 909 |
_a202311 _bLúcia _c55 _dLúcia Elande |
||
| 942 |
_2AGRIS _n0 _cANA |
||
| 999 |
_c148858 _d148858 |
||